书目信息 |
| 题名: |
项目论证与评估
|
|
| 作者: | 戚安邦 著 | |
| 分册: | ||
| 出版信息: | 北京 机械工业出版社 2009.2 |
|
| 页数: | 368页 | |
| 开本: | 26cm | |
| 丛书名: | ||
| 单 册: | ||
| 中图分类: | F224.5 | |
| 科图分类: | ||
| 主题词: | 经济数学--方法 | |
| 电子资源: | ||
| ISBN: | 978-7-111-27781-1 | |
| 000 | 00667 nam 000241 | |
| 001 | 0100012690 | |
| 005 | 20160428170704.63 | |
| 010 | @a978-7-111-27781-1@dCNY49.00 | |
| 100 | @a20091113d2003 em y0chiy0121 ea | |
| 101 | @achi | |
| 102 | @aCN@b110000 | |
| 105 | @ay z 000yy | |
| 200 | 10 | @a项目论证与评估@9xiang mu lun zheng yu ping gu@f戚安邦著@Fqi an bang zhu |
| 205 | @a第2版 | |
| 210 | @a北京@c机械工业出版社@d2009.2 | |
| 215 | @a368页@d26cm | |
| 540 | @a项目论证与评估 | |
| 606 | @a经济数学@x方法 | |
| 690 | @aF224.5@v4 | |
| 701 | 0 | @a戚安邦@9qi an bang@4著 |
| 801 | @aCN@bCQULIB@c20020616 | |
| 901 | @a209121 | |
| 905 | @b940148-50@dF224.5@eQ0041@f3 | |
| 项目论证与评估/戚安邦著.-第2版.-北京:机械工业出版社,2009.2 |
| 368页;26cm |
| ISBN 978-7-111-27781-1:CNY49.00 |
| ● |
| 相关链接 |
|
|
|
正题名:项目论证与评估
索取号:F224.5/Q0041
 
预约/预借
| 序号 | 登录号 | 条形码 | 馆藏地/架位号 | 状态 | 备注 |
| 1 | 1222808 | 212228089 | 管理学院资料室/ [索取号:F224.5/Q0041] | 在馆 | |
| 2 | 940148 | 209401486 | 社科二线422/409社科库 73排3列5层/ [索取号:F224.5/Q0041] | 在馆 | |
| 3 | 940149 | 209401495 | 社科二线422/409社科库 73排3列5层/ [索取号:F224.5/Q0041] | 在馆 | |
| 4 | 940150 | 209401501 | 社科库409/409社科库 73排3列5层/ [索取号:F224.5/Q0041] | 在馆 |